• 首页
  • 本馆介绍
  • 公告通知
  • 最新文献
  • 馆藏检索
  • 电子资源
  • 读者导购
  • 参考咨询
  • 我的图书馆
  • 登录
  • 详细信息显示
  • 放入我的书架
  • 预约/预借图书
  • 作者相关作品
  • 分类相关作品
  • 丛书相关作品
  • 出版社相关作品

书目信息

  • 表格格式
  • 工作单格式
  • 卡片格式
题名:
新帕尔格雷夫经济学大辞典
    
 
作者: 伊特韦尔 , Eatwell 编 ;陈岱孙 主编译
分册: 第三卷  
出版信息: 北京   经济科学出版社  1996
页数: 14,1159页
开本: 27cm
丛书名:
单 册:
中图分类: F0-61
科图分类:
主题词: 经济学--词典 , 经济学
电子资源:
ISBN: 7-5058-1024-3
000 01077nam0 2200289 450
001 0199033331
005 20070807170155.56
010    @a7-5058-1024-3@b精装@dCNY200.00,CNY800.00(全4册)
100    @a20050915d1996 em y0chiy0121 ea
101 1  @achi@ceng
102    @aCN@b110000
105    @ay e 000yy
200 1  @a新帕尔格雷夫经济学大辞典@9xin pa er ge lei fu jing ji xue da ci dian@h第三卷@eK~P@f(英)约翰·伊特韦尔(John Eatwell)等编@g陈岱孙主编译
205    @a[3版](修订版)
210    @a北京@c经济科学出版社@d1996
215    @a14,1159页@d27cm
305    @a中华版权代理总公司代理授权出版
330    @a全书收辞条2000多条,涉及经济学各个领域的重要问题和最新的发展;并包括约700位近代和现代世界著名经济学家的小传。全书分钉为四册。本册为第三卷。
510 1  @aThe New Palgrave@eA Dictionary of Economics@zeng
606 0  @a经济学@j词典
606 0  @a经济学
690    @aF0-61@v4
701  1 @a伊特韦尔@9yi te wei er@bJ.@4编
701  1 @aEatwell@bJohn@4编
702  0 @a陈岱孙@9chen dai sun@4主编译
801  0 @aCN@bNLC@c20070807
905    @a10447@dF0-61@e362:3=3
    
    新帕尔格雷夫经济学大辞典.第三卷:K~P/(英)约翰·伊特韦尔(John Eatwell)等编/陈岱孙主编译.-[3版](修订版).-北京:经济科学出版社,1996
    14,1159页;27cm
    
    
    ISBN 7-5058-1024-3(精装):CNY200.00,CNY800.00(全4册)
    全书收辞条2000多条,涉及经济学各个领域的重要问题和最新的发展;并包括约700位近代和现代世界著名经济学家的小传。全书分钉为四册。本册为第三卷。
●
相关链接 在E读中查询图书 在五车中查询图书 在当当中查询图书 在豆瓣中查询图书


正题名:新帕尔格雷夫经济学大辞典     索取号:F0-61/362:3=3         预约/预借

序号 登录号 条形码 馆藏地/架位号 状态 备注
1 0809613   208096139   第一样本阅览室/ [索取号:F0-61/362:3=3] 在馆    
2 0809614   208096148   工具书阅览室/ [索取号:F0-61/362:3=3] 在馆    
唐山师范学院图书馆 欢迎您!
大连网信软件有限公司© 版权所有